000 00671nam a2200181 i 4500
001 bg
100 1 _aCHOROSZY, Bronisław
245 0 _aMechanizm zużywania się ostrzy podczas skrawania wibracyjnego /
_cB. Choroszy.
260 _aWrocław,
_c1991.
490 1 _aPrace Naukowe Instytutu Technologii Maszyn i Automatyzacji Politechniki Wrocławskiej. Monografie,
_x0867-5325 ;
_v13
500 _aNumeracja ser. gł. : 48.
830 0 _aPrace Naukowe Instytutu Technologii Maszyn i Automatyzacji Politechniki Wrocławskiej.
_pMonografie ;
_v13
040 _cBPK
041 _apol
080 _a621.9:539.4
942 _cKS
008 s pl f |000 0 pol
999 _c29498
_d29498
856 _uhttp://koha.tu.koszalin.pl/cgi-bin/koha/opac-detail.pl?biblionumber=29498
_yKatalog online BPK